Score 0/50 Timer 07:00
5 Plays Today
Hint Answer % Correct
Flag ColorRed
94.5%
Flag ColorGreen
92.9%
Flag ColorYellow
92.9%
Internet Country Code.et
90.9%
ContinentAfrica
86.9%
Flag ColorLight Blue
86.6%
Bordering CountrySudan
85.2%
Bordering CountrySouth Sudan
84.1%
Drives on the...Right
83.7%
Bordering CountryEritrea
83.6%
Bordering CountryKenya
83.2%
Capital CityAddis Ababa
82.5%
Most Populous CityAddis Ababa
81.3%
Bordering CountryDjibouti
80.5%
Bordering CountrySomalia
79.5%
DemonymEthiopian
79.1%
Official LanguageSomali
79%
Age of Suffrage18
78.1%
Largest ReligionEthiopian Orthodox Christianity
74.2%
Longest RiverBlue Nile
59%
Country Occupied byItaly
55.8%
Official LanguageAmharic
47.9%
Emperor Crowned November 2nd, 1930Haile Selassie
43.3%
Number of Administrative Regions9
42.7%
End of Foreign Occupation (Year)1941
38.2%
Hint Answer % Correct
Formerly Known asAbyssinia
36.4%
Official NameFederal Democratic Republic of Ethiopia
32%
Religion Inspired by Said EmperorRastafarianism
29.7%
CurrencyEthiopian Birr
29.5%
Largest Agricultural ExportCoffee
26.5%
Official LanguageOromo
26.4%
National AnimalLion
24.8%
PresidentSahle-Work Zewde
22.6%
Prime MinisterAbiy Ahmed
22.1%
Official LanguageTigrinya
18.8%
Largest ValleyGreat Rift Valley
18.5%
Largest LakeLake Tana
17.3%
Second Most Populous CityDire Dawa
16.2%
Parliament Upper ChamberHouse of Federation
16.2%
Flatbread Staple Frequently Eaten With MealsInjera
14.6%
Ethiopian AlphabetGe'ez
14.4%
Third Most Populous CityAdama
14.3%
Parliament Lower ChamberHouse of Peoples' Representatives
14.3%
Former Communist Military JuntaThe Derg
13.3%
National FlowerCalla Lily
11.5%
National AnthemMarch Forward, Dear Mother Ethiopia
10.7%
Formerly Known asItalian East Africa
10.3%
Highest Point (4533m)Ras Dashen
7.7%
National Day28th of May (Derg Downfall Day)
7.4%
Lowest Point (-125m)Danakil Depression
6.8%
Remove Ads.
Support Sporcle.
Get the best of Sporcle when you Go Orange. This ad-free experience offers more features, more stats, and more fun while also helping to support Sporcle. Thank you for becoming a member.

You're not logged in!

Compare scores with friends on all Sporcle quizzes.
OR
Log In

Show Comments

Extras

Top Quizzes Today


Score Distribution

Your Account Isn't Verified!

In order to create a playlist on Sporcle, you need to verify the email address you used during registration. Go to your Sporcle Settings to finish the process.

Report this User

Report this user for behavior that violates our Community Guidelines.

Details: